00348nam a2200145Ia 450000100060000000800410000602000150004704000130006208200180007510000220009324500320011526000370014730000110018454600070019540872140424s9999 xx 000 0 und d a0141018240 cPK-LaUMT a 294.5bSEN-H aSen, Kshiti Mohan aHinduismcSen, Kshiti Mohan aLondon,UK:bPenguin Books,c2005 a148 p. aEN